[Event "ITA-ch sf"]
[Site "Arvier"]
[Date "2002.06.25"]
[Round "4"]
[White "Forno, Roberto"]
[Black "Mola, Pietro"]
[Result "0-1"]
[WhiteElo "2079"]
[BlackElo "2277"]
[PlyCount "122"]
[EventDate "2002.06.22"]
[EventType "swiss"]
[EventRounds "9"]
[EventCountry "ITA"]
[SourceTitle "CBM 089 Extra"]
[Source "ChessBase"]
[SourceDate "2002.09.10"]
[SourceVersion "2"]
[SourceVersionDate "2002.09.10"]
[SourceQuality "1"]

1. d4 c5 2. e3 Nf6 3. Nf3 g6 4. b3 Bg7 5. Bb2 cxd4 6. exd4 0-0 7. Nbd2 d5 8. Be2 Nc6 9. 0-0 Bf5 10. Rc1 Rc8 11. a3 Ne4 12. c4 dxc4 13. Nxc4 Be6 14. b4 a6 15. Qd3 Nf6 16. Ne3 Bd5 17. Rfd1 e6 18. Nd2 Qe7 19. b5 axb5 20. Qxb5 Rfd8 21. Rc5 Nb8 22. Nxd5 Nxd5 23. Rdc1 Nc6 24. Nb3 Ra8 25. Bf3 Qd7 26. R5c4 Nxd4 27. Nxd4 Qxb5 28. Nxb5 Bxb2 29. R1c2 Bxa3 30. h4 Bd6 31. g3 Be5 32. h5 gxh5 33. Bxh5 Ra5 34. Nd4 Nf6 35. Rc8 Rxc8 36. Rxc8+ Kg7 37. Nb3 Rb5 38. Bd1 Nd5 39. Kg2 Nc3 40. Bc2 Rd5 41. f4 Bf6 42. g4 h6 43. Kf3 b5 44. Rc7 b4 45. Nc5 Rd6 46. Bb3 Kg8 47. f5 Nb5 48. Rc8+ Rd8 49. Rxd8+ Bxd8 50. fxe6 Nd4+ 51. Ke4 Nxb3 52. exf7+ Kxf7 53. Nxb3 Kf6 54. Nd4 Be7 55. Kd3 Kg5 56. Nf5 Bf8 57. Kc4 h5 58. Nd4 Kxg4 59. Ne6 Bd6 60. Nd8 h4 61. Nf7 Bf4 0-1

[Event "Lucca op 13th"]
[Site "Lucca"]
[Date "2001.10.??"]
[Round "3"]
[White "Buli, Vangjel"]
[Black "Mola, Pietro"]
[Result "1/2-1/2"]
[WhiteElo "2039"]
[BlackElo "2262"]
[PlyCount "71"]
[EventDate "2001.10.??"]
[EventType "swiss"]
[EventRounds "6"]
[EventCountry "ITA"]
[SourceTitle "EXT 2024"]
[Source "ChessBase"]
[SourceDate "2023.10.10"]
[SourceVersion "1"]
[SourceVersionDate "2023.10.10"]
[SourceQuality "1"]

1. d4 Nf6 2. c4 e6 3. Nf3 b6 4. g3 Bb7 5. Bg2 c5 6. 0-0 cxd4 7. Qxd4 Nc6 8. Qf4 Ne7 9. Nc3 Ng6 10. Qd2 Bb4 11. Qd4 Bc5 12. Qd3 d5 13. cxd5 Nxd5 14. Qb5+ Qd7 15. Qxd7+ Kxd7 16. Rd1 Ke7 17. Ne4 Rhd8 18. Nxc5 bxc5 19. Bd2 Rac8 20. Rdc1 Ba6 21. e4 Nb6 22. b3 f6 23. Be3 Nd7 24. Bf1 Bb7 25. Nd2 Nge5 26. Be2 Nf7 27. f3 Nd6 28. Kf2 h6 29. Rc2 f5 30. exf5 Nxf5 31. Nc4 Nd4 32. Rd2 e5 33. f4 Nf6 34. Kg1 Ne4 35. Rb2 exf4 36. Bxf4 1/2-1/2